|
|
|
|
| LEADER |
00000nam2a2200000 4500 |
| 001 |
154491 |
| 005 |
20231101221753.0 |
| 020 |
|
|
|a RU
|b 83-4582
|
| 035 |
|
|
|a (RuTPU)RU\TPU\book\167575
|
| 035 |
|
|
|a RU\TPU\book\167574
|
| 090 |
|
|
|a 154491
|
| 100 |
|
|
|a 20090227g1982 m y0rusy5003 ca
|
| 101 |
0 |
|
|a rus
|
| 102 |
|
|
|a RU
|
| 105 |
|
|
|a y z 001ay
|
| 200 |
0 |
|
|a Т. 1. Повести
|f авт. предисл. Н. Потапов
|
| 210 |
|
|
|d 1982
|
| 215 |
|
|
|d 20 см
|e (1 л. портр.)
|a 607 с.
|
| 461 |
|
1 |
|0 (RuTPU)RU\TPU\book\167574
|t Собрание сочинений
|o В 3-х т.
|f Ч. Т. Айтматов
|v Т. 1. Повести
|d 1982-
|
| 606 |
1 |
|
|a Киргизская литература
|2 stltpush
|3 (RuTPU)RU\TPU\subj\14393
|9 40792
|
| 610 |
1 |
|
|a художественная литература
|
| 610 |
1 |
|
|a советская литература
|
| 610 |
1 |
|
|a повести
|
| 675 |
|
|
|a 894.341
|v 3
|
| 702 |
|
1 |
|a Потапов
|b Н.
|4 080
|
| 801 |
|
0 |
|a RU
|b RuMRKP
|c 19950704
|g psbo
|
| 801 |
|
1 |
|a RU
|b 63413507
|c 20090227
|g PSBO
|
| 801 |
|
2 |
|a RU
|b 63413507
|c 20200605
|g PSBO
|
| 942 |
|
|
|c BK
|